000 00779nam a2200229Ia 4500
001 9300
003 GE_BSU
008 181216s||||||||xx |||||||||||||| ||und||
040 _cGE_BSU
080 _a821.353.1–32
100 _aლორია,პარმენ
245 _aბახვაძის დედაბერი
245 _bსტუმრობიადა.მოთხრობები
245 _cრედ.ნ.მალაზონია,მხატვ.შ.ზამთარაძე
260 _aბათუმი
260 _bსახელგამი
260 _c1959
300 _a40გვ.ილ.21სმ.
653 _aბახვაძის დედაბერი
653 _aსტუმრობიადა
942 _cBK
999 _c42597
_d42597